Wszystkie zawody WCA w Polsce - Statystyki

Ogólne statystyki
  • Ten quiz został rozwiązany 2 razy
  • Średni wynik to 129 z 382
Statystyki odpowiedzi
Nazwa zawodów % Poprawnych
2 Rounds of FMC in Rzeszów 2023
100%
All Rounders in Stobierna 2023
100%
Byczy Cube Race 2017
100%
Byczy Cube Race 2018
100%
Byczy Cube Race 2019
100%
Imagine FMC in Rzeszów 2023
100%
12 Sides of Silesia 2018
50%
3 FMC Rounds in Rzeszów 2023
50%
3Mola Open 2010
50%
3Mola Open 2011
50%
3 More FMC Rounds in Rzeszów 2023
50%
6 Sides of Silesia 2017
50%
Beskid Cubing 2023
50%
Beskidy Side Days 2022
50%
Bialystok Open 2010
50%
Big 'n Blind Szczecinek 2023
50%
BrizZon Poznań Side Open 2020
50%
BrizZon Side Open 2021
50%
BrizZon Side Open 2022
50%
BrizZon Side Open 2023
50%
BrizZon Side Open II 2022
50%
BrizZon Side Open II 2023
50%
BrizZon Side Open III 2022
50%
BrizZon Side Open III 2023
50%
BrizZon Side Open IV 2022
50%
BrizZon Side Open IV 2023
50%
BrizZon Side Open V 2022
50%
BrizZon Side Open V 2023
50%
BrizZon Sylwester Open 2021
50%
BrizZon Sylwester Open 2022
50%
Bydgoszcz Summer 2014
50%
CFL Santa Claus Cube Race 2017
50%
CFL Sieradz 2018
50%
Chojnice Open 2013
50%
Chojnice Open 2014
50%
Cube4fun Bełżyce Multi Events 2023
50%
Cube4fun Double Weekend Dębica 2023
50%
Cube4fun Double Weekend Lublin 2023
50%
Cube4fun Double Weekend Pilzno 2023
50%
Cube4fun Double Weekend Świdnik 2023
50%
Cube4fun Double Weekend Warsaw 2023
50%
Cube4fun Double Weekend Wojciechów 2023
50%
Cube4fun in Bełchatów 2023
50%
Cube4fun in Biała Podlaska 2023
50%
Cube4fun in Dębica 2022
50%
Cube4fun in Dębica 2023
50%
Cube4fun in Gorlice 2023
50%
Cube4fun in Jarosław 2023
50%
Cube4fun in Lublin 2022
50%
Cube4fun in Siedlce 2023
50%
Cube4fun in Świdnik 2022
50%
Cube4fun in Warsaw 2022
50%
Cube4fun in Warsaw 2023
50%
Cube4fun League Final Skierniewice 2022
50%
Cube4fun League III Lubartów 2022
50%
Cube4fun League II Kluczbork 2022
50%
Cube4fun League IV Dąbrowa Górnicza 2022
50%
Cube4fun League IX Bielsko-Biała 2022
50%
Cube4fun League Koło 2022
50%
Cube4fun League VIII Bełżyce 2022
50%
Cube4fun League VII Pawłowice 2022
50%
Cube4fun League VI Jasło 2022
50%
Cube4fun League V Zawiercie 2022
50%
Cube4fun League XI Kędzierzyn-Koźle 2022
50%
Cube4fun League X Rzeszów 2022
50%
Cube4fun Lublin in Staszic 2023
50%
Cube4fun Siedlce Autumn 2023
50%
Cube4fun Wisła Masters 2023
50%
Cube Factory 2023
50%
Cube Factory League Domaniewice 2018
50%
Cube Factory Summer 2023
50%
Cubers Eve Białystok 2018
50%
Cubers Eve Lubartów 2021
50%
Cubing Rising Stars Olesno 2022
50%
Człuchów Panzer Cube 2014
50%
DLS Czerwiec 2017
50%
DLS Wrzesień 2017
50%
Dragon Cubing 2018
50%
Dragon Cubing 2019
50%
Dragon Cubing 2020
50%
Dragon Cubing 2021
50%
Dragon Cubing 2022
50%
Dragon Cubing 2023
50%
Dragon Side Open 2022
50%
Ekonomik Elektryk Cube Race 2018
50%
Elektryk Cube Race 2016
50%
Elektryk Cube Race 2022
50%
Energy Cube Ciechanów 2023
50%
Energy Cube Koło 2023
50%
Energy Cube Konin 2023
50%
Energy Cube Tomaszów Mazowiecki 2023
50%
European Rubik's Cube Championship 2012
50%
Fast Minds in Poznań 2022
50%
Find Minimum in Warsaw 2023
50%
Gdańsk Open 2020
50%
Gdańsk Open 2022
50%
Giżycko Open 2023
50%
GLS Cup Final 2016
50%
GLS Cup Final 2018
50%
GLS Cup I 2016
50%
GLS Cup I 2017
50%
GLS Cup I 2018
50%
GLS Cup I 2019
50%
GLS Cup II 2016
50%
GLS Cup II 2017
50%
GLS Cup II 2018
50%
GLS Cup II 2019
50%
GLS Cup III 2016
50%
GLS Cup III 2017
50%
GLS Cup III 2018
50%
GLS Cup III 2019
50%
GLS Cup IV 2016
50%
GLS Cup IV 2017
50%
GLS Cup IV 2018
50%
GLS Cup IV 2019
50%
GLS Cup V 2016
50%
GLS Cup V 2017
50%
GLS Cup V 2018
50%
GLS Final 2017
50%
GLS Gdynia 2020
50%
GLS I 2023
50%
GLS II 2023
50%
GLS III 2023
50%
GLS IV 2023
50%
GLS V 2023
50%
Gniezno 3x3 Day 2023
50%
Goats of Cubing 2023
50%
Ice Cubing Szczecinek 2023
50%
III Project Warszawa 2019
50%
II Project Warszawa 2019
50%
Kaliska Open 2015
50%
Kaliska Open 2016
50%
Kaskada Open 2016
50%
Kęty Open 2023
50%
KKR Open 2017
50%
Korzenna Spring Open 2023
50%
Kraków Open 2013
50%
Lake Cubing Szczecinek 2022
50%
Lubelska Liga Speedcubingu II Biała Podlaska 2021
50%
Lubelska Liga Speedcubingu III v2 2020
50%
Mikołajki Open 2022
50%
Mikołajki Open 2023
50%
Mysłowice Big Cube Open 2022
50%
No Triangle in Dębica 2023
50%
Olsztyn Open 2023
50%
Olsztyn Squared 2023
50%
Polish Championship 2015
50%
Polish Championship 2016
50%
Polish Championship 2018
50%
Polish Championship 2019
50%
Polish Championship 2021
50%
Polish Championship 2022
50%
Polish Championship 2023
50%
Polish Nationals 2009
50%
Polish Nationals 2010
50%
Polish Nationals 2011
50%
Polish Nationals 2012
50%
Polish Nationals 2013
50%
Polish Nationals 2014
50%
Polish Nationals 2017
50%
Polish Open 2005
50%
Polish Open 2006
50%
Polish Open 2007
50%
Polish Open 2008
50%
Polish Open 2009
50%
Polish Open 2010
50%
Polish Open 2012
50%
Polish Open 2013
50%
Polish Open 2014
50%
Polish Open 2015
50%
Polish Open 2017
50%
Polish Open 2018
50%
Polish Open 2019
50%
Polish Speedcubing Tour Biłgoraj 2020
50%
Polish Speedcubing Tour Łuków 2019
50%
Polish Speedcubing Tour Mielec 2019
50%
Poznań MBLD Cup 2023
50%
Poznań Mental Breakdown 2022
50%
Poznań Side Challenge 2017
50%
Poznań Summer Side Open 2022
50%
Project Będzin 2019
50%
Project Jastrzębie-Zdrój 2018
50%
Project Jastrzębie-Zdrój 2019
50%
Project Mielec 2018
50%
Project Nowa Słupia 2018
50%
Project Pawłowice 2021
50%
Project Warszawa 2018
50%
Project Warszawa 2019
50%
PSS FMC Warszawa 2019
50%
PST CFL Częstochowa 2019
50%
Radom Open 2013
50%
Reach Your Goals Wrocław 2023
50%
Reach Your Limits Wrocław 2022
50%
Riviera Cube Week 2015
50%
Rybnik Open 2013
50%
Rzeszow Open 2010
50%
Santa Claus Cube Race 2014
50%
Santa Claus Cube Race 2015
50%
Santa Claus Cube Race 2016
50%
September Speedcubing Tour Kielce 2021
50%
September Speedcubing Tour Naprawa 2021
50%
September Speedcubing Tour Rzeszów 2021
50%
September Speedcubing Tour Warszawa 2021
50%
Siedlce Open 2022
50%
Siedlce Open 2023
50%
Silesian Cubing Pawłowice 2023
50%
Silesian Cubing Pszczyna 2023
50%
Silesian Minx Fest 2023
50%
Silesian Spring Świdnica 2020
50%
SLS Bielsko-Biala 2014
50%
SLS Chorzow 2014
50%
SLS Czestochowa 2013
50%
SLS Gliwice 2014
50%
ŚLS Gliwice 2015
50%
SLS Gliwice 2017
50%
SLS Jastrzebie 2013
50%
SLS Październik 2023
50%
SLS Rybnik 2014
50%
SLS Swierklany 2013
50%
SLS Tarnowskie Gory 2014
50%
SLS Zaglebie 2013
50%
ŚLS Zawiercie 2015
50%
ŚLS Zawiercie 2017
50%
Staszic Open 2017
50%
Szansa Cubing Open Warsaw 2021
50%
Szansa Cubing Open Warsaw 2022
50%
Szansa Cubing Open Warsaw 2023
50%
Szczecin Open 2022
50%
Szczecin Summer 2023
50%
Szczecin Winter 2022
50%
Szczytno Open 2019
50%
Szczytno Open 2021
50%
Try Not To DNF Rzeszów 2023
50%
Try to Get a Mean Rzeszów 2023
50%
Tuwim Cube Race 2016
50%
UPP Poznań Cubing 2022
50%
Warsaw Cube Masters 2015
50%
Warsaw Cube Masters 2018
50%
Warsaw Cube Masters 2023
50%
Warsaw Open 2009
50%
Warsaw Open 2014
50%
Wedding Day Serokomla 2023
50%
WLS Lato 2016
50%
WLTD Poznań Side Open 2022
50%
Wrocław Cubing Holiday 2023
50%
Wrocław FMC Masters 2019
50%
Wroclaw Open 2007
50%
Wroclaw Open 2008
50%
Wroclaw Open 2009
50%
Wrocław Open 2019
50%
WSTIH Open 2008
50%
Żmigród Open 2023
50%
Aleksandrus Cube 2014
0%
Art Rubik 2014
0%
Beskidy Cubing Day 2016
0%
Bialystok Open 2011
0%
Big Cube Krasnik 2014
0%
BrizZon Side Open II 2021
0%
BrizZon Side Open III 2021
0%
CFL Goes Sideways 2019
0%
Cube4fun in Lublin 2023
0%
Cube Factory 2011
0%
Cube Factory 2013
0%
Cube Factory Częstochowa 2018
0%
Cube Factory League Domaniewice 2019
0%
Cube Factory League Final 2018
0%
Cube Factory League Final 2019
0%
Cube Factory League Luty 2018
0%
Cubers Eve 2013
0%
Cubers Eve 2014
0%
Cubers Eve Środa Wielkopolska 2019
0%
Cubing Day Żuromin 2022
0%
Cubing Spring Grudziadz 2012
0%
Dąbrowa Górnicza Spring 2019
0%
DLS Grudzień 2017
0%
Gdańsk Cubing Summer Camp 2019
0%
Gdansk Open 2008
0%
Gdansk Open 2009
0%
Gdańsk Open 2015
0%
Gdańsk Rubik's Cube Day 2015
0%
Gdańsk Rubik's Cube Day 2016
0%
Gdańsk Side Day 2018
0%
GLS Autumn Reda 2013
0%
GLS Summer 2013
0%
GLS Winter 2014
0%
GLS Winter Camp 2019
0%
Gniezno Big Blind Cubing 2022
0%
Grudziadz Open 2010
0%
Grudziadz Open 2011
0%
Grudziadz Open 2013
0%
Grudziadz Open 2015
0%
Grudziądz Open 2016
0%
Grudziądz Open 2019
0%
III Masovian Open 2019
0%
II Masovian Open Płock 2016
0%
Industrial Cube 2012
0%
Jura Open 2012
0%
Kaliska Open 2014
0%
Kielce Cube Attack 2014
0%
Kociewie Open 2009
0%
Kociewie Open 2010
0%
Kociewie Open 2011
0%
Krakow Cubing Spree 2014
0%
LLS II 2018
0%
LLS II 2019
0%
LLS III 2018
0%
LLS IV 2018
0%
LLS Meeting Days 2018
0%
LLS V 2018
0%
LLS VI 2018
0%
LLS VII Final 2018
0%
Łódź Cubing Summer 2016
0%
Lodz Open 2011
0%
Lubelska Liga Speedcubingu I Bełżyce 2021
0%
Lubelska Liga Speedcubingu II 2020
0%
Lubelska Liga Speedcubingu III 2019
0%
Lubelska Liga Speedcubingu III Zamość 2021
0%
Lubelska Liga Speedcubingu IV 2019
0%
Lubelska Liga Speedcubingu IV Świdnik 2021
0%
Lubelska Liga Speedcubingu V Final 2019
0%
Lublin Open 2009
0%
Manhattan Gdańsk Open 2015
0%
Manufaktura Open 2013
0%
Marina Gdansk Open 2008
0%
Masovian Open 2015
0%
Masterpress Summer 2014
0%
Mazowiecka Liga Speedcubingu Warszawa 2020
0%
Mielec Cube Day 2014
0%
Mielec Cube Day 2016
0%
Olsztyn Open 2017
0%
Olsztyn Spring Open 2022
0%
Pabianice Open 2008
0%
Pabianice Open 2010
0%
Piotrków Trybunalski 2017
0%
PLS Autumn Reda 2014
0%
PLS Gdańsk 2014
0%
PLS Marina 2014
0%
PLS Sopot 2014
0%
PLS Szczecin 2014
0%
Polish Speedcubing Tour Biłgoraj 2019
0%
Polish Speedcubing Tour LLS Lublin 2019
0%
Polish Speedcubing Tour LLS Lublin 2020
0%
Polish Speedcubing Tour Nowa Słupia 2019
0%
Polish Speedcubing Tour Rzeszów 2019
0%
Poznań Fanatic Cube 2018
0%
Poznan Open 2008
0%
Poznan Open 2009
0%
Poznan Open 2010
0%
Poznan Open 2011
0%
Poznan Open 2014
0%
Project Biała Podlaska 2018
0%
Project Dębica 2019
0%
Project Kedzierzyn-Kozle 2021
0%
Project Łuków 2018
0%
Project Piła 2019
0%
Project Radom 2018
0%
Project Zamość 2018
0%
Project Zamość 2019
0%
Przeźmierowo Winter Open 2022
0%
Pszczyna Open 2018
0%
Radomsko Cube Theory 2015
0%
Rumia Open 2013
0%
Rumia Open 2014
0%
Santa Claus Cube Race Poland 2019
0%
Silesia Open 2009
0%
Silesia Open 2012
0%
ŚLS Będzin Open 2017
0%
ŚLS Jastrzębie Zdrój 2017
0%
SLS Rybnik 2015
0%
ŚLS Sosnowiec 2015
0%
ŚLS Wodzisław Śląski 2015
0%
Speed Day Lublin 2016
0%
Speed Days Kielce 2017
0%
Speed Days Kraśnik 2015
0%
Speed Days Kraśnik 2017
0%
Speed Days Kraśnik 2018
0%
Świdnik Open 2015
0%
Swierklany Open 2011
0%
Warszawa Open 2012
0%
WLS Jesień 2016
0%
WLS Wiosna 2016
0%
Wrocław Side Challenge 2019
0%
Nie znaleziono quizów pasujących do podanych kryteriów
Rozkład punktacji
Procent ludzi z każdym wynikiem
Percentyl według liczby udzielonych odpowiedzi
Twoja historia wyników
Nie rozwiązałeś tego quizu